000 00568cam a22001457a 4500
999 _c510662
_d510662
008 180718b-- xxu||||| |||| 00| 0 eng d
082 _aL906x5451\2017-18
245 _aAccounts at a glance, Andhra Pradesh, 2017-2018
260 _aHyderabad
_bPrincipal Accountant General (Accounts and Entitlements)
_c2019
300 _a39p.
500 _aLibrary has 1998/99-2009/10, 2011-2012, 2017-2018
650 _aAndhra Pradesh - Appropriations and expenditures
_94630
700 _aAndhra Pradesh. Principal Accountant General (Accounts and Entitlements)
_94631
942 _2ddc